Musicians By Initial: The Letter V - Statistics

General Stats
  • This quiz has been taken 112 times
  • The average score is 6 of 19
Answer Stats
Inits Clue Answer % Correct
VB Posh Spice Victoria Beckham
95%
VI Ice Ice Baby (Please give full stage name) Vanilla Ice
90%
VM Irish musician who first found fame with Them Van Morrison
53%
VP French singer and actress. She was just 14 when Joe Le Taxi was a massive hit in both France and the UK. Vanessa Paradis
42%
VL British singer known as 'The Forces Sweetheart' Died in 2020 aged 103 Vera Lynn
41%
VF Birth name of Alice Cooper Vincent Furnier
35%
VC Original member of Depeche Mode. Later formed Erasure with Andy Bell Vince Clarke
34%
VY American composer, arranger, and conductor (1898-1956) Recorded with Bunny Berrigan, Jack and Tommy Dorsey. Worked in Hollywood composing songs for cinema. Composed When I Fall In Love, Love Letters and My Foolish Heart Victor Young
27%
VV US rock guitarist. Member of Kiss from 1982-84 Vinnie Vincent
19%
VH MOR UK pop singer. Best known for his 1967 hit single Edelweiss. Vince Hill
18%
VS Eccentric Bonzo Dog Doodah Band singer. Later known for 'Sir Henry At Rawlinson End' Viv Stanshall
18%
VA Guitarist with The Slits Viv Albertine
16%
VD Pop & Big Band singer popular in the 40's & 50's. He had hits with 'On The Street Where You Live' and 'You're Breaking My Heart' Vic Damone
15%
VW American female pop singer best known for her disco version of 'Gonna Get Along Without Ya Now' Viola Wills
15%
VJ Chilean singer-songwriter, poet and political activist. Murdered by the Pinochet regime in 1973. Robert Wyatt recorded his Te Recurdo Amanda. U2, The Clash and James Dean Bradfield have paid tribute in song. Victor Jara
12%
VR Durutti Column guitarist. Played on Morrissey's Viva Hate Vini Reilly
10%
VT UK Rock'n'Roll singer. Best known for 1959's Brand New Cadillac. Vince Taylor
9%
VE British skiffle artist backed by The Vagabonds. Part of the Larry Parnes stable. Vince Eager
7%
VG Middlesborough born folk singer (1947-2017) Songs covered social/political issues, while humour was a large part of live shows. LPs included Valley Of Trees, The Young Tin Whistle Pest Vin Garbutt
4%
No matching quizzes found
Score Distribution
Percent of People with Each Score
Percentile by Number Answered
Your Score History
You have not taken this quiz